[Event "Rovinj/Zagreb"]
[Site "Zagreb"]
[Date "1975.??.??"]
[Round "5"]
[White "Kuzmin, Gennadi P"]
[Black "Planinec, Albin"]
[Result "1/2-1/2"]
[WhiteElo "2600"]
[BlackElo "2535"]

1.e4 e5 2.Nf3 Nc6 3.Bb5 a6 4.Ba4 Nf6 5.O-O b5 6.Bb3 Bb7 7.Re1 Bc5 8.c3 O-O
9.d4 Bb6 10.Bg5 h6 11.Bh4 d6 12.a4 exd4 13.axb5 axb5 14.Rxa8 Bxa8 15.cxd4 Re8
16.d5 Ne5 17.Nxe5 Rxe5 18.Bc2 c6 19.Bg3 Re8 20.dxc6 Bxc6 21.Nc3 b4 22.Nd5 Nxd5
23.exd5 Bxd5 24.Bxd6 b3 25.Bd3 Bxf2+ 26.Kxf2 Qf6+ 27.Kg1 Qd4+ 28.Kf1 Qf6+
29.Kg1 Rxe1+ 30.Qxe1 Qd4+ 31.Qf2 Qxd3 32.Be5 Bxg2 33.Kxg2 Qe4+ 34.Qf3 Qxe5
35.Qxb3 Qe2+ 36.Kg1 Qe1+ 37.Kg2 Qe2+ 38.Kg1 h5 39.Qb8+ Kh7 40.b4 Qe3+ 41.Kf1 f5
42.b5 f4 43.b6 Qc1+ 44.Ke2 Qe3+ 45.Kf1 Qf3+ 46.Kg1 Qd1+ 47.Kf2 Qd2+ 48.Kf1 Qd3+
49.Kf2 Qd4+ 50.Kf1 h4 51.Qc8 Qxb6 52.Qf5+ Qg6 53.Qxf4 Qf6 54.Qf2 Kg6 55.Kg2 Kh6
56.Qe3+ g5 57.Qe4 Qb2+ 58.Kf3 Qc3+ 59.Kf2 Qd2+ 60.Kf3 Qc3+ 61.Kf2 Qb2+ 62.Kf3 Qb3+
63.Kf2 Qa2+ 64.Kf3 Qf7+ 65.Kg2 Qf6 66.Qe2 Qc6+ 67.Qf3 Qe6 68.h3 Qe5 69.Qc6+ Kh5
70.Qf3+ Kg6 71.Qd3+ Kf6 72.Qf3+ Qf4 73.Qc6+ Ke5 74.Qc5+ Ke4 75.Qc4+ Ke3 76.Qc3+ Ke2
77.Qc2+ Qd2 78.Qxd2+ Kxd2 79.Kf2 Kd1 80.Kf1  1/2-1/2

[Event "Rovinj/Zagreb"]
[Site "Zagreb"]
[Date "1975.??.??"]
[Round "7"]
[White "Tseshkovsky, Vitaly"]
[Black "Planinec, Albin"]
[Result "1-0"]
[WhiteElo "2555"]
[BlackElo "2535"]

1.e4 e5 2.Nf3 Nc6 3.Bb5 a6 4.Ba4 Nf6 5.O-O b5 6.Bb3 Bb7 7.c3 Nxe4 8.d4 Na5
9.Bc2 exd4 10.Bxe4 Bxe4 11.Re1 d5 12.Nxd4 Be7 13.Nd2 O-O 14.Nxe4 dxe4 15.Qg4 Bf6
16.Nf5 Nc4 17.Rxe4 Kh8 18.h4 g6 19.Nd4 c5 20.Nf3 Bg7 21.Re1 Qd5 22.b3 Nd6
23.Bf4 Ne4 24.Rad1 Qb7 25.h5 Rad8 26.Rxd8 Rxd8 27.hxg6 fxg6 28.Ne5 Rf8 29.Qh3 Nxf2
30.Nxg6+ Kg8 31.Qe6+ Rf7 32.Ne7+ Kf8  1-0

[Event "Rovinj/Zagreb"]
[Site "Zagreb"]
[Date "1975.??.??"]
[Round "8"]
[White "Tringov, Georgi P"]
[Black "Tseshkovsky, Vitaly"]
[Result "1/2-1/2"]
[WhiteElo "2470"]
[BlackElo "2555"]

1.e4 e5 2.Nf3 Nc6 3.Bb5 a6 4.Ba4 Nf6 5.O-O b5 6.Bb3 Bb7 7.d4 Nxd4 8.Nxd4 exd4
9.e5 Ne4 10.c3 d3 11.Qf3 Qe7 12.Nd2 Nc5 13.Bd5 Bxd5 14.Qxd5 c6 15.Qd4 d6
16.Nf3 Qd7  1/2-1/2

[Event "Rovinj/Zagreb"]
[Site "Zagreb"]
[Date "1975.??.??"]
[Round "11"]
[White "Minic, Dragoljub"]
[Black "Planinec, Albin"]
[Result "0-1"]
[WhiteElo "2475"]
[BlackElo "2535"]

1.e4 e5 2.Nf3 Nc6 3.Bb5 a6 4.Ba4 Nf6 5.O-O b5 6.Bb3 Bb7 7.d4 Nxd4 8.Nxd4 exd4
9.e5 Ne4 10.c3 d3 11.Qf3 Qe7 12.Nd2 O-O-O 13.Nxe4 Qxe5 14.Re1 f5 15.Qg3 Qe8
16.Nd6+ Bxd6 17.Rxe8 Rhxe8 18.Bf4 d2 19.Rf1 Re1 20.Bxd6 Rde8 21.f3 Bd5 22.Qf4 Bc4
23.h4 Rxf1+ 24.Kh2 Re2 25.Bxc7 Rff2 26.Qd6 Rxg2+ 27.Kh3 Rh2+ 28.Kg3 Reg2+
29.Kf4 Rxh4+ 30.Kxf5 Rh6  0-1

[Event "WchT U26 fin-B"]
[Site "Caracas"]
[Date "1976.??.??"]
[Round "3"]
[White "Henao, Raul Fernando"]
[Black "Sharif, Mershad"]
[Result "1/2-1/2"]
[WhiteElo "2295"]
[BlackElo "2355"]

1.e4 e5 2.Nf3 Nc6 3.Bb5 a6 4.Ba4 Nf6 5.O-O b5 6.Bb3 Bb7 7.c3 Nxe4 8.d4 exd4
9.Re1 d5 10.Ng5 Be7 11.Rxe4 dxe4 12.Nxf7 Qd7 13.Nxh8 O-O-O 14.Nf7 Rf8 15.cxd4 Nxd4
16.Ne5 Qd6 17.Ng4 h5 18.Ne3 Qf4 19.Qf1 Bd6 20.g3 Qe5 21.Bd1 Kb8 22.Nd2 h4
23.Qh3 hxg3 24.hxg3 g6 25.a4 Qg7 26.axb5 axb5 27.Bg4 Bb4 28.Bd1 Rh8 29.Qg4 g5
30.Ndf1 Qh7 31.Qh5 Qxh5 32.Bxh5 Rxh5 33.Nh2 Nf3+ 34.Nxf3 exf3 35.Ng4 Rh8
36.Be3 Rd8 37.Ne5 Rd5 38.Nxf3 Be7 39.Nh2 Bf6 40.Rb1 Rf5 41.b4 Be4 42.Re1  1/2-1/2

[Event "HUN-ch"]
[Site "Budapest"]
[Date "1977.??.??"]
[Round "?"]
[White "Perenyi, Bela"]
[Black "Rigo, Janos"]
[Result "0-1"]
[WhiteElo "2270"]
[BlackElo "2200"]

1.e4 e5 2.Nf3 Nc6 3.Bb5 a6 4.Ba4 Nf6 5.O-O b5 6.Bb3 Bb7 7.c3 Be7 8.Re1 O-O
9.d4 d6 10.Nbd2 Nd7 11.Nf1 exd4 12.cxd4 Na5 13.d5 Nxb3 14.axb3 Bf6 15.Nd4 Re8
16.Nf5 Nc5 17.N1g3 Bc8 18.f3 a5 19.b4 Na4 20.Qb3 axb4 21.Qxb4 Bd7 22.Be3 g6
23.Nh6+ Kg7 24.f4 Be7 25.f5 Bg5 26.Ng4 Bxe3+ 27.Rxe3 Qg5 28.Qd4+ f6 29.h3 Nb6
30.Rf1 Ra4 31.b4 Nc4 32.Rb3 Ra2 33.fxg6 Bxg4 34.hxg4 hxg6 35.Rbf3 Rf8 36.Rf4 Qe5
37.Qxe5 dxe5 38.R4f2 Rxf2 39.Rxf2 Ra8 40.g5 fxg5 41.Rf3 Ra2 42.Rc3 Rb2 43.Nh1 Rxb4
44.Nf2 Rb1+ 45.Kh2 Re1 46.Rb3 Re2 47.Kg1 g4 48.g3 Re1+ 49.Kg2 Ne3+ 50.Kh2 Rf1
51.Nh1 Nc4 52.Rxb5 Nd6 53.Rb4 Kh6 54.Kg2 Re1 55.Nf2 Kg5 56.Ra4 Re2 57.Kf1 Re3
58.Kg2 Rc3 59.Ra6 Rc4 60.Nd3 Rxe4 61.Nc5 Re2+ 62.Kf1 Re3 63.Ne6+ Kf5 64.Nxc7 Ne4
65.d6 Rd3 66.Ne8 Nxg3+ 67.Kg2 Ne4 68.Ng7+ Kf6 69.Ne8+ Kf7 70.Ra5 Rd2+ 71.Kg1 Ng5
72.Kf1 Nf3  0-1

[Event "ITA-ch38"]
[Site "Castelvecchio Pascoli"]
[Date "1977.??.??"]
[Round "1"]
[White "Trabattoni, Franco"]
[Black "Rupeni, Franco"]
[Result "1-0"]
[WhiteElo "2265"]
[BlackElo "2105"]

1.e4 e5 2.Nf3 Nc6 3.Bb5 a6 4.Ba4 Nf6 5.O-O b5 6.Bb3 Bb7 7.c3 Nxe4 8.Re1 Nc5
9.Nxe5 Nxe5 10.Rxe5+ Be7 11.Bc2 d5 12.d4 Ne6 13.Qh5 g6 14.Qg4 Bf6 15.Re2 O-O
16.Bh6 Re8 17.Nd2 Bg5 18.Bxg5 Qxg5 19.Qxg5 Nxg5 20.Rae1 Kf8 21.Nb3 Rxe2 22.Rxe2 Re8
23.Rxe8+ Kxe8 24.Na5 Ba8 25.f3 Ne6 26.Kf2 Kd7 27.Ke3 Kd6 28.h3 Ke7 29.Bd3 Nd8
30.g4 Nc6 31.Nxc6+ Bxc6 32.Kf4 Kf6 33.h4 h6 34.g5+ hxg5+ 35.hxg5+ Ke6 36.Bf1 Kd6
37.Bh3 Bb7 38.b4 Bc6 39.Bc8 Bd7 40.Bxd7 Kxd7 41.Ke5 c6 42.Kf6 Ke8 43.f4 Kf8
44.f5 gxf5 45.Kxf5 Kg7 46.a3 Kf8 47.Kf6 Ke8 48.g6 fxg6 49.Kxg6 Ke7 50.Kg7 Ke6
51.Kf8 Kd7 52.Kf7 Kd6 53.Ke8 Kc7 54.Ke7 Kb7 55.Kd7 Kb6 56.Kc8 a5 57.bxa5+ Kxa5
58.Kb7 Ka4 59.Kxc6 Kxa3 60.Kxb5 Kb3 61.Kc5 Kxc3 62.Kxd5  1-0

[Event "ITA-ch38"]
[Site "Castelvecchio Pascoli"]
[Date "1977.??.??"]
[Round "8"]
[White "Passerotti, Pierluigi"]
[Black "Rupeni, Franco"]
[Result "1-0"]
[WhiteElo "2380"]
[BlackElo "2105"]

1.e4 e5 2.Nf3 Nc6 3.Bb5 a6 4.Ba4 Nf6 5.O-O b5 6.Bb3 Bb7 7.d4 Nxd4 8.Nxd4 exd4
9.e5 Ne4 10.c3 d3 11.Qf3 Qe7 12.Nd2 Nc5 13.Bd5 Bxd5 14.Qxd5 c6 15.Qd4 Qe6
16.Nf3 Be7 17.b4 Na4 18.Qxd3 O-O 19.Bf4 Qg6 20.Qe3 d5 21.exd6 Bxd6 22.Bxd6 Qxd6
23.Rad1 Qf6 24.Ne5 Rfe8 25.f4 Qe6 26.Qg3 Rad8 27.f5 Qf6 28.Nd7 Qh6 29.Rd6 Nxc3
30.Rxh6 Ne2+ 31.Kf2 Nxg3 32.hxg3 gxh6 33.Nf6+ Kf8 34.Nxe8 Kxe8 35.Ke3 Rd6
36.Rf3 c5 37.bxc5 Rd5 38.Ke4 Rxc5 39.Ra3 Rc4+ 40.Ke5 Ra4  1-0

[Event "DDR-ch (Women)"]
[Site "Frankfurt/Oder"]
[Date "1977.??.??"]
[Round "10"]
[White "Feustel, Petra"]
[Black "Braun, Regine"]
[Result "1-0"]
[WhiteElo "2155"]
[BlackElo "1805"]

1.e4 e5 2.Nf3 Nc6 3.Bb5 a6 4.Ba4 Nf6 5.O-O b5 6.Bb3 Bb7 7.c3 d6 8.Ng5 d5
9.exd5 Na5 10.d4 Nxb3 11.axb3 Qxd5 12.Nf3 e4 13.Ne5 O-O-O 14.c4 bxc4 15.bxc4 Qe6
16.Bf4 Nd7 17.Nxd7 Qxd7 18.d5 Be7 19.Qd4 Qf5 20.Bg3 h5 21.h3 h4 22.Bh2 Qg6
23.Nc3 f5 24.Ne2 Bd6 25.Nf4 Qh6 26.Qe3 Rde8 27.c5 g5 28.cxd6 gxf4 29.Bxf4 Qg6
30.Rfc1 Reg8 31.Rxc7+ Kd8 32.Bg5+ Qxg5 33.Qxg5+ Rxg5 34.Rxb7 Rhg8 35.Rxa6 Rxg2+
36.Kf1 Kc8 37.Rab6 f4 38.Rc7+  1-0

[Event "Sao Paulo"]
[Site "Sao Paulo"]
[Date "1977.??.??"]
[Round "8"]
[White "Bronstein, Luis"]
[Black "Rocha, Antonio"]
[Result "1/2-1/2"]
[WhiteElo "2385"]
[BlackElo "2365"]

1.e4 e5 2.Nf3 Nc6 3.Bb5 a6 4.Ba4 Nf6 5.O-O b5 6.Bb3 Bb7 7.Re1 Bc5 8.c3 d6
9.d4 Bb6 10.h3 h6 11.Be3 O-O 12.Nbd2 Re8 13.dxe5 Bxe3 14.exf6 Bxd2 15.Qxd2 Qxf6
16.Bd5 Rab8 17.a4 b4 18.Rac1 bxc3 19.Rxc3 Nb4 20.Rxc7 Bxd5 21.exd5 Rxe1+
22.Nxe1 Qf5 23.Nf3 Nd3 24.Nd4 Qe4 25.Qc3 Nf4 26.Rc8+ Kh7 27.Qc2 Qxc2 28.Rxc2 Nxd5
29.Rc6 Rb6 30.Rxb6 Nxb6 31.a5 Nc4 32.b4 Kg6 33.Kf1 Kf6 34.Ke2 Ke5 35.Nc6+ Kd5
36.Nb8 Ne5 37.f4 Nc6 38.Nxa6 Kc4 39.Kd2 Kb5 40.Nc7+ Kxb4 41.Ne8 Nxa5 42.Nxg7 Kc5
43.g4 Nb3+ 44.Kd3 Nd4 45.h4 Kd5 46.Ke3 Nc2+ 47.Kd3 Ne1+ 48.Ke2 Ng2 49.Nf5 Ke4
50.Nxh6 Nxh4  1/2-1/2

[Event "SWE-ch"]
[Site "?"]
[Date "1977.??.??"]
[Round "?"]
[White "Hammar, Bengt"]
[Black "Kaiszauri, Konstanty"]
[Result "0-1"]
[WhiteElo "2200"]
[BlackElo "2385"]

1.e4 e5 2.Nf3 Nc6 3.Bb5 a6 4.Ba4 Nf6 5.O-O b5 6.Bb3 Bb7 7.Re1 Bc5 8.c3 d6
9.d4 Bb6 10.a4 h6 11.axb5 axb5 12.Rxa8 Qxa8 13.Na3 exd4 14.cxd4 O-O 15.Bc2 Nb4
16.d5 Nxc2 17.Nxc2 c6 18.dxc6 Bxc6 19.Qxd6 Nxe4 20.Rxe4 Rd8 21.Qg3 Bxe4 22.Bxh6 Rd1+
23.Nce1 Bd4 24.Kf1 Bd3+ 25.Kg1 Be2  0-1

[Event "Buenos Aires ol (Men)"]
[Site "Buenos Aires"]
[Date "1978.??.??"]
[Round "?"]
[White "Gonzalez, Bernal M"]
[Black "Sarapu, Ortvin"]
[Result "1/2-1/2"]
[WhiteElo "2340"]
[BlackElo "2290"]

1.e4 e5 2.Nf3 Nc6 3.Bb5 a6 4.Ba4 Nf6 5.O-O b5 6.Bb3 Bb7 7.Re1 Be7 8.c3 O-O
9.d4 d6 10.Nbd2 h6 11.Nf1 Re8 12.Ng3 Bf8 13.Nh4 exd4 14.cxd4 Nxe4 15.Qh5 d5
16.Rxe4 Rxe4 17.Nxe4 Nxd4 18.Ng3 Nxb3 19.axb3 Qf6 20.Nhf5 Re8 21.Be3 c5 22.Qg4 Kh7
23.Rf1 d4 24.Bc1 g6 25.Qh4 Qc6 26.Qh3 gxf5 27.Qxf5+ Qg6 28.Qd7 Bc6 29.Qa7 h5
30.f3 Kg8 31.Qc7 h4 32.Nf5 h3 33.g4 Re2 34.Qc8 Qxg4+ 35.fxg4 Rg2+ 36.Kh1 Rf2+
37.Kg1 Rg2+  1/2-1/2

[Event "URS-ch sf"]
[Site "Daugavpils"]
[Date "1978.??.??"]
[Round "?"]
[White "Vitolinsh, Alvis"]
[Black "Mikhalchishin, Adrian"]
[Result "1/2-1/2"]
[WhiteElo "2415"]
[BlackElo "2460"]

1.e4 e5 2.Nf3 Nc6 3.Bb5 a6 4.Ba4 Nf6 5.O-O b5 6.Bb3 Bb7 7.d4 Nxd4 8.Nxd4 exd4
9.e5 Ne4 10.c3 dxc3 11.Qf3 d5 12.exd6 Qf6 13.Re1 O-O-O 14.dxc7 Kxc7 15.Qxf6 Nxf6
16.Nxc3 Bc5 17.Bg5 Rd7 18.Rac1 Kb6 19.a4 Re8 20.Rxe8 Nxe8 21.Nxb5 h6 22.Bf4 g5
23.Bb8 axb5 24.a5+ Kxa5 25.Rxc5 Kb4 26.Rc3 Rd2 27.Bc2 Be4 28.Rb3+ Kc4 29.Rc3+ Kb4
30.Rb3+ Ka5 31.Ra3+ Kb6 32.Ba7+ Kc7 33.Rc3+ Kd7 34.Bb3 Rxb2 35.f3 Bg6 36.Bd5 b4
37.Rc5 Nc7 38.Bc4 b3 39.Bb8 Ne6 40.Rb5 Bc2 41.Be5 Rb1+ 42.Kf2 Kc6  1/2-1/2

[Event "URS-ch sf"]
[Site "Daugavpils"]
[Date "1978.??.??"]
[Round "?"]
[White "Kim, V."]
[Black "Malaniuk, Vladimir P"]
[Result "0-1"]
[WhiteElo "2200"]
[BlackElo "2200"]

1.e4 e5 2.Nf3 Nc6 3.Bb5 a6 4.Ba4 Nf6 5.O-O b5 6.Bb3 Bb7 7.d3 Be7 8.a4 O-O
9.Nc3 b4 10.Nd5 Nxd5 11.Bxd5 d6 12.a5 Nxa5 13.Rxa5 c6 14.Bxc6 Bxc6 15.Ra1 f6
16.Nh4 Rf7 17.Nf5 Bf8 18.Ne3 d5 19.exd5 Bxd5 20.Nxd5 Qxd5 21.Be3 Rc7 22.Qd2 Rc6
23.c4 bxc3 24.bxc3 a5 25.c4 Qd8 26.f4 a4 27.fxe5 fxe5 28.Rf5 Rd6 29.Rd1 a3
30.Qa2 Qd7 31.c5+ Qe6 32.Rf2 Rda6 33.Kf1 Rb8 34.Rfd2 Qxa2 35.Rxa2 Rb2 36.Rda1 Rxa2
37.Rxa2 Kf7 38.d4 Ke6 39.dxe5 Kxe5 40.Ke2 Kd5 41.Kf3 Be7 42.g4 Ra4 43.g5 Bxc5
44.Bc1 Kc4 45.Rc2+ Kb3 46.Bxa3 Rxa3  0-1

[Event "URS-ch sf"]
[Site "Daugavpils"]
[Date "1978.??.??"]
[Round "?"]
[White "Kapengut, Albert Z"]
[Black "Malaniuk, Vladimir P"]
[Result "1-0"]
[WhiteElo "2465"]
[BlackElo "2200"]

1.e4 e5 2.Nf3 Nc6 3.Bb5 a6 4.Ba4 Nf6 5.O-O b5 6.Bb3 Bb7 7.Re1 Bc5 8.c3 d6
9.d4 Bb6 10.Nh4 Qd7 11.Bg5 O-O-O 12.d5 Ne7 13.Bxf6 gxf6 14.Qf3 Rhg8 15.g3 Qh3
16.Kh1 Rg4 17.Nd2 Rdg8 18.Rg1 Kb8 19.Qxf6 Ng6 20.f3 Bxg1 21.Rxg1 Nxh4 22.fxg4 Ng6
23.Bd1 Bc8 24.g5 h6 25.Nf1 Rf8 26.Rg2 Bg4 27.Bxg4 Qxg4 28.Qf5 Qxg5 29.Qxg5 hxg5
30.Ne3 Kc8 31.Rf2 Kd7 32.Kg2 f6 33.b3 Ne7 34.Kh3 Ke8 35.Kg4 Kf7 36.Rc2 c6
37.c4 c5 38.b4 Rc8 39.bxc5 Rxc5 40.cxb5 axb5 41.h4 gxh4 42.Rxc5 dxc5 43.gxh4 c4
44.d6 Nc6 45.h5 c3 46.d7 Nd8 47.Kf5 Ne6 48.h6 Nd4+ 49.Kg4 Nc6 50.Kh5 Nd8
51.h7 Kg7 52.h8=Q+ Kxh8 53.Kg6 Kg8 54.Kxf6 Kf8 55.Nc2 Nb7 56.Nb4 Nd8  1-0

[Event "Espergarde op"]
[Site "Espergarde"]
[Date "1978.??.??"]
[Round "7"]
[White "Grumme, H."]
[Black "Urban, A."]
[Result "1/2-1/2"]
[WhiteElo "2200"]
[BlackElo "2200"]

1.e4 e5 2.Nf3 Nc6 3.Bb5 a6 4.Ba4 Nf6 5.O-O b5 6.Bb3 Bb7 7.d3 Be7 8.Re1 d6
9.c3 Na5 10.Bc2 c5 11.Nbd2 O-O 12.Nf1 Qc7 13.Ng3 Rfe8 14.Nf5 Bf8 15.b3 Nc6
16.Bg5 Nd7 17.N3h4 Nd8 18.Qg4 g6 19.Nh6+ Bxh6 20.Bxh6 Nf6 21.Qf3 Nh5 22.g4 Ng7
23.Qg3 Nde6 24.Bd2 Rad8 25.Ng2 g5 26.h4 f6 27.Ne3 Nf4 28.hxg5 fxg5 29.f3 d5
30.exd5 Bxd5 31.Nxd5 Rxd5 32.Bxf4 exf4 33.Rxe8+ Nxe8 34.Qf2 Re5 35.Re1 Nf6  1/2-1/2

[Event "Kringsja"]
[Site "Oslo"]
[Date "1978.??.??"]
[Round "7"]
[White "Heim, Sverre"]
[Black "Pettersson, Lars Erik"]
[Result "1/2-1/2"]
[WhiteElo "2345"]
[BlackElo "2200"]

1.e4 e5 2.Nf3 Nc6 3.Bb5 a6 4.Ba4 Nf6 5.O-O b5 6.Bb3 Bb7 7.c3 Nxe4 8.Re1 Na5
9.Bc2 d5 10.d3 Nf6 11.Nxe5 Be7 12.Nd2 O-O 13.Ndf3 c5 14.d4 Ne4 15.dxc5 Bxc5
16.Nd4 Re8 17.Nd3 Qf6 18.f3 Bxd4+ 19.cxd4 Nd6 20.Ne5 Nac4 21.f4 Ne4 22.Bxe4  1/2-1/2

[Event "Vilnius"]
[Site "Vilnius"]
[Date "1978.??.??"]
[Round "12"]
[White "Lechtynsky, Jiri"]
[Black "Beliavsky, Alexander G"]
[Result "1/2-1/2"]
[WhiteElo "2420"]
[BlackElo "2545"]

1.e4 e5 2.Nf3 Nc6 3.Bb5 a6 4.Ba4 Nf6 5.O-O b5 6.Bb3 Bb7 7.d3 Bc5 8.a4 d6
9.axb5 axb5 10.Rxa8 Bxa8 11.Nc3 Na5 12.Nxb5 Nxb3 13.cxb3 Qd7 14.Nc3 O-O 15.Bg5 Ne8
16.Qa1 Bc6 17.Qa6 Bd4 18.Be7 Bxc3 19.Bxf8 Bb5 20.Qb7 Bxb2 21.Rb1 Bd4 22.Nxd4 exd4
23.Be7 Bc6 24.Qa6 Bb5  1/2-1/2

[Event "Wellington"]
[Site "Wellington"]
[Date "1978.??.??"]
[Round "?"]
[White "Sarapu, Ortvin"]
[Black "Sharif, Mershad"]
[Result "1/2-1/2"]
[WhiteElo "2290"]
[BlackElo "2380"]

1.e4 e5 2.Nf3 Nc6 3.Bb5 a6 4.Ba4 Nf6 5.O-O b5 6.Bb3 Bb7 7.Nc3 Be7 8.Nd5 O-O
9.d3 Na5 10.Nxe7+ Qxe7 11.Bg5 Nxb3 12.axb3 h6 13.Bh4 Qe6 14.Bg3 d6 15.Nh4 d5
16.exd5 Qxd5 17.Re1 Rfe8 18.Qf3 Qxf3 19.Nxf3 e4 20.dxe4 Nxe4 21.b4 c5 22.bxc5 Nxc5
23.Be5 Rac8 24.Nd4 Ne4 25.Bf4 Red8 26.Be3 Nf6 27.f3 Rc4 28.Rad1 b4 29.Bf2 Rd7
30.Rd2 Rc8 31.Red1 Rcd8 32.Nb3 Rxd2 33.Rxd2 Rxd2 34.Nxd2 a5 35.b3 Bc6 36.Bc5 Nd5
37.Kf2 Bb5 38.g3 f5 39.Bd4 Kf7 40.Nb1 a4 41.bxa4 Bxa4 42.c4 Nc7 43.Ke2 Bc2
44.Nd2 Ne6 45.Be5 b3 46.Nf1 Nc5 47.Kd2 g5 48.Ne3 Bb1 49.Nd1 g4 50.fxg4 fxg4
51.Nb2 Ke6 52.Bd4 Ne4+ 53.Ke3 Ng5 54.Na4 Bc2 55.Bb2 Nf3 56.Nc5+ Kd6 57.Ba3 Kc6
58.Ne6 Nxh2 59.Nd4+ Kc7 60.Nxc2 bxc2 61.Kd3 Nf1 62.Bc1 Nxg3 63.Bxh6  1/2-1/2

[Event "Aaronson Masters"]
[Site "London"]
[Date "1979.??.??"]
[Round "1"]
[White "Janosevic, Dragoljub"]
[Black "Flear, Glenn C"]
[Result "0-1"]
[WhiteElo "2400"]
[BlackElo "2320"]

1.e4 e5 2.Nf3 Nc6 3.Bb5 a6 4.Ba4 Nf6 5.O-O b5 6.Bb3 Bb7 7.Re1 Bc5 8.c3 d6
9.d4 Bb6 10.a4 h6 11.h3 O-O 12.d5 Na5 13.Bc2 c6 14.dxc6 Bxc6 15.Nbd2 Re8
16.Nf1 Ra7 17.Be3 Rd7 18.axb5 axb5 19.Bxb6 Qxb6 20.Ng3 Qc7 21.Qb1 Nc4 22.b3 Nb6
23.Qb2 Rdd8 24.Rad1 Nbd7 25.b4 Nf8 26.Bb3 Ng6 27.Nh2 Nf4 28.Ng4 Nxg4 29.hxg4 g6
30.Nf1 Qb7 31.f3 d5 32.g3 Nh3+ 33.Kg2 Ng5 34.exd5 Bxd5 35.Bxd5 Rxd5 36.Rxd5 Qxd5
37.Nd2 e4 38.fxe4 Nxe4 39.Nf3 Qd6 40.Qf2 Nxf2 41.Rxe8+ Kg7 42.Kxf2 Qd3 43.Re3 Qc2+
44.Kf1 Qd1+ 45.Kf2 Qc2+ 46.Kf1 Qd1+ 47.Kg2 f6 48.Nd4 Qxg4 49.Kf2 Kf7 50.Rf3 Qg5
51.Re3 Qd5 52.Nf3 h5 53.Ke2 g5 54.Kf2 Qf5 55.Kg2 Kg6 56.Nd4 Qd5+ 57.Kf2 Qa2+
58.Re2 Qc4 59.Re3 Qd5 60.Re8 g4 61.Rc8 Qh1 62.Ne2 Qf3+ 63.Ke1 h4 64.gxh4 Qh1+
65.Kd2 Qxh4 66.c4 bxc4 67.Rxc4 f5 68.b5 Qd8+ 69.Nd4 Qd5 70.Kc3 g3 71.Rc6+ Kg5
72.Ne6+ Kg4 73.Nd4 g2 74.Rg6+ Kh5 75.Rg7 Kh6  0-1

[Event "Rubinstein mem"]
[Site "Polanica Zdroj"]
[Date "1979.??.??"]
[Round "9"]
[White "Arnason, Jon L"]
[Black "Planinec, Albin"]
[Result "1-0"]
[WhiteElo "2410"]
[BlackElo "2445"]

1.e4 e5 2.Nf3 Nc6 3.Bb5 a6 4.Ba4 Nf6 5.O-O b5 6.Bb3 Bb7 7.Nc3 Be7 8.d3 O-O
9.Bd2 d6 10.Nd5 Nb8 11.Nxe7+ Qxe7 12.Nh4 d5 13.exd5 Nxd5 14.Nf5 Qd7 15.Qh5 Re8
16.Rae1 Nc6 17.Qg4  1-0

[Event "SWE-ch"]
[Site "?"]
[Date "1979.??.??"]
[Round "?"]
[White "Wedberg, Tom"]
[Black "Kaiszauri, Konstanty"]
[Result "1/2-1/2"]
[WhiteElo "2425"]
[BlackElo "2405"]

1.e4 e5 2.Nf3 Nc6 3.Bb5 a6 4.Ba4 Nf6 5.O-O b5 6.Bb3 Bb7 7.Qe2 Na5 8.Nxe5 Nxb3
9.axb3 Qe7 10.d4 d6 11.Ng4 Nxe4 12.c4 Nf6 13.Nxf6+ gxf6 14.Re1 Qxe2 15.Rxe2+ Kd7
16.Nc3 Bg7 17.d5 f5 18.Be3 Rhe8 19.Rd2 bxc4 20.bxc4 Bxc3 21.bxc3 Re4  1/2-1/2

[Event "URS-ch (Women)"]
[Site "Tbilisi"]
[Date "1979.??.??"]
[Round "14"]
[White "Levitina, Irina S"]
[Black "Stupina, Elena"]
[Result "1-0"]
[WhiteElo "2280"]
[BlackElo "2000"]

1.e4 e5 2.Nf3 Nc6 3.Bb5 a6 4.Ba4 Nf6 5.O-O b5 6.Bb3 Bb7 7.d3 h6 8.Nc3 d6
9.a4 b4 10.Nd5 Nxd5 11.Bxd5 Na5 12.Bxb7 Nxb7 13.d4 exd4 14.Qxd4 a5 15.Re1 Nc5
16.e5 d5 17.Qg4 Ne6 18.Be3 c5 19.Rad1 Ra7 20.Nh4 h5 21.Qg3 Rd7 22.f4 d4 23.Bc1 Qb6
24.f5 Nc7 25.e6 Re7 26.exf7+ Kxf7 27.Ng6 Rxe1+ 28.Rxe1 Rh7 29.Ne5+ Kg8 30.Qb3+  1-0

[Event "URS-ch (Women)"]
[Site "Tbilisi"]
[Date "1979.??.??"]
[Round "16"]
[White "Fatalibekova, Elena"]
[Black "Stupina, Elena"]
[Result "0-1"]
[WhiteElo "2290"]
[BlackElo "2000"]

1.e4 e5 2.Nf3 Nc6 3.Bb5 a6 4.Ba4 Nf6 5.O-O b5 6.Bb3 Bb7 7.d3 h6 8.Nc3 g6
9.a4 b4 10.Nd5 a5 11.Bd2 Bg7 12.Qc1 g5 13.Ne3 g4 14.Nf5 Bf8 15.N3h4 d5 16.exd5 Nxd5
17.d4 Nxd4 18.Nxd4 Qxh4 19.Nb5 Bd6 20.c4 bxc3 21.Bxd5 Bxd5 22.Qxc3 O-O 23.Qe3 Kg7
24.Nxd6 cxd6 25.Qd3 Bb7 26.Qxd6 Qh5 27.Bc3 f6 28.Bxa5 Rf7 29.Bc3 Qf5 30.Rfe1 h5
31.a5 h4 32.a6 Bxg2 33.Kxg2 Qf3+ 34.Kf1 g3  0-1

[Event "URS Spartakiad"]
[Site "URS"]
[Date "1979.??.??"]
[Round "?"]
[White "Grushevsky, Alexander V"]
[Black "Mikhalchishin, Adrian"]
[Result "1-0"]
[WhiteElo "2200"]
[BlackElo "2480"]

1.e4 e5 2.Nf3 Nc6 3.Bb5 a6 4.Ba4 Nf6 5.O-O b5 6.Bb3 Bb7 7.d3 Be7 8.c4 bxc4
9.Bxc4 O-O 10.Nc3 d6 11.a3 Bc8 12.h3 Be6 13.b4 d5 14.Ba2 h6 15.Bb2 d4 16.Ne2 Bxa2
17.Rxa2 Nd7 18.Ng3 a5 19.Qa4 Ncb8 20.Nf5 Re8 21.Bc1 Bf8 22.Bd2 Nb6 23.Qc2 axb4
24.Bxb4 Bxb4 25.axb4 Rxa2 26.Qxa2 N8d7 27.Rc1 Qa8 28.Qd2 Qb7 29.N3h4 Re6
30.f4 Na4 31.Nf3 Qb6 32.fxe5 c5 33.Ra1 Nc3 34.bxc5 Qxc5 35.Ra8+ Kh7 36.Kh1 Nxe5
37.Ng5+ hxg5 38.Qxg5 Rg6 39.Qd8  1-0

[Event "URS Spartakiad"]
[Site "URS"]
[Date "1979.??.??"]
[Round "?"]
[White "Makarichev, Sergey"]
[Black "Mikhalchishin, Adrian"]
[Result "1/2-1/2"]
[WhiteElo "2500"]
[BlackElo "2480"]

1.e4 e5 2.Nf3 Nc6 3.Bb5 a6 4.Ba4 Nf6 5.O-O b5 6.Bb3 Bb7 7.d4 Nxd4 8.Nxd4 exd4
9.e5 Ne4 10.c3 dxc3 11.Qf3 d5 12.exd6 Qf6 13.Re1 O-O-O 14.dxc7 Kxc7 15.Qxf6 Nxf6
16.Nxc3 Bc5 17.Bf4+ Kb6 18.Re2 Nd5 19.Nxd5+ Bxd5 20.Bxd5 Rxd5 21.Kf1 Rhd8
22.Rc1 Rd1+ 23.Re1 Rxe1+ 24.Kxe1 Re8+ 25.Kf1 b4 26.Rd1 Kc6 27.Rc1 Kb5 28.b3 Re4
29.g3 Re8 30.Re1 Rxe1+ 31.Kxe1 Kc6 32.Ke2 Kd5 33.f3  1/2-1/2

[Event "BCF-ch"]
[Site "Brighton"]
[Date "1980.08.08"]
[Round "5"]
[White "Bellin, Robert"]
[Black "Flear, Glenn C"]
[Result "0-1"]
[WhiteElo "2440"]
[BlackElo "2320"]

1.e4 e5 2.Nf3 Nc6 3.Bb5 a6 4.Ba4 Nf6 5.O-O b5 6.Bb3 Bb7 7.d3 Be7 8.c4 bxc4
9.Bxc4 O-O 10.Nc3 d6 11.a3 Nd4 12.b4 c6 13.Rb1 Rb8 14.Bb2 d5 15.Ba2 Nxf3+
16.Qxf3 d4 17.Ne2 a5 18.Bc4 axb4 19.axb4 Bc8 20.Qg3 Bd6 21.Bc1 Nh5 22.Qf3 Qh4
23.h3 Rxb4 24.Ra1 Rb7 25.g4 Nf6 26.Kg2 h6 27.Rh1 Nh7 28.Ng3 g6 29.Qe2 Kh8
30.Ra6 Rc7 31.Ra4 Ng5 32.Bxg5 Qxg5 33.f3 Qh4 34.Ra8 Kg7 35.Qf2 Kh7 36.Rb1 Bxg4
37.Rxf8 Bxh3+ 38.Kg1 Bxf8 39.Rb8 Ba3 40.Ra8 Bc1  0-1

[Event "Baku"]
[Site "Baku"]
[Date "1980.??.??"]
[Round "5"]
[White "Garcia Martinez, Silvino"]
[Black "Mikhalchishin, Adrian"]
[Result "0-1"]
[WhiteElo "2450"]
[BlackElo "2490"]

1.e4 e5 2.Nf3 Nc6 3.Bb5 a6 4.Ba4 Nf6 5.O-O b5 6.Bb3 Bb7 7.Nc3 Be7 8.d3 O-O
9.Bd2 d6 10.Nd5 Nxd5 11.exd5 Nb8 12.Ba5 Nd7 13.d4 e4 14.Nd2 f5 15.Nb1 Nf6
16.Nc3 Qd7 17.Qe2 Rae8 18.a4 Bd8 19.axb5 f4 20.f3 exf3 21.Qxf3 axb5 22.h3 g5
23.Qd3 Qg7 24.Rf3 Bc8 25.Raf1 Nh5 26.Nxb5 g4 27.hxg4 Bxg4 28.Re1 Bxf3 29.Qxf3 Rxe1+
30.Bxe1 Ng3 31.Bc4 Kh8 32.Bd3 Qh6 33.Bc3 Qh1+ 34.Kf2 Qc1  0-1

[Event "WchT U26"]
[Site "Mexico"]
[Date "1980.??.??"]
[Round "?"]
[White "Paolozzi, Marcos"]
[Black "Flear, Glenn C"]
[Result "1/2-1/2"]
[WhiteElo "2200"]
[BlackElo "2320"]

1.e4 e5 2.Nf3 Nc6 3.Bb5 a6 4.Ba4 Nf6 5.O-O b5 6.Bb3 Bb7 7.c3 Nxe4 8.d4 Na5
9.Bc2 exd4 10.Nxd4 c5 11.Bxe4 Bxe4 12.Re1 d5 13.f3 cxd4 14.fxe4 Be7 15.Qg4 Qd7
16.Qxg7 O-O-O 17.Bf4 Nc6 18.cxd4 Rhg8 19.Qxh7 dxe4 20.Qxe4 Qxd4+ 21.Qxd4 Rxd4
22.Rf1 Nb4 23.Nc3 Nd3 24.Be3 Rdg4 25.g3 Bd6 26.Nd5 Rxg3+ 27.hxg3 Rxg3+ 28.Kh1 Rh3+
29.Kg2 Rg3+  1/2-1/2

[Event "Elekes mem-A"]
[Site "Budapest"]
[Date "1981.??.??"]
[Round "?"]
[White "Pogats, Jozsef"]
[Black "Castro Rojas, Oscar Humberto"]
[Result "1/2-1/2"]
[WhiteElo "2375"]
[BlackElo "2415"]

1.e4 e5 2.Nf3 Nc6 3.Bb5 a6 4.Ba4 Nf6 5.O-O b5 6.Bb3 Bb7 7.d3 Be7 8.c3 O-O
9.Re1 Re8 10.Nbd2 Bf8 11.Nf1 Na5 12.Bc2 d5 13.Ng3 c5 14.Bd2 c4 15.Bg5 h6
16.Bxf6 Qxf6 17.d4 exd4 18.e5 Qb6 19.Nxd4 Nc6 20.f4 Bc5 21.Ne2 Bc8 22.h3 Bxd4+
23.Nxd4 Bd7 24.Qd2 Nxd4 25.cxd4 f5 26.exf6 Qxf6 27.Re5 Rxe5 28.fxe5 Qg5 29.Qxg5 hxg5
30.Rf1 b4 31.g4 Be6 32.Rf3 a5 33.Ba4 Ra7 34.Kf2 Bf7 35.Ke1 Bg6 36.Kd2 Be4
37.Rf2 Rf7 38.Rxf7 Kxf7 39.a3 Bg2 40.axb4 axb4  1/2-1/2

[Event "Czestochowa"]
[Site "Czestochowa"]
[Date "1981.??.??"]
[Round "2"]
[White "Gazik, Igor"]
[Black "Szymczak, Zbigniew"]
[Result "1/2-1/2"]
[WhiteElo "2325"]
[BlackElo "2395"]

1.e4 e5 2.Nf3 Nc6 3.Bb5 a6 4.Ba4 Nf6 5.O-O b5 6.Bb3 Bb7 7.Re1 Bc5 8.c3 O-O
9.d4 Bb6 10.Bg5 h6 11.Bh4  1/2-1/2